Chairing and running meetings (Record no. 85142)

MARC details
000 -LEADER
fixed length control field 00513nam a2200205Ia 4500
005 - DATE AND TIME OF LATEST TRANSACTION
control field 20251113210321.0
008 - FIXED-LENGTH DATA ELEMENTS--GENERAL INFORMATION
fixed length control field 230125s9999 xx 000 0 und d
020 ## - INTERNATIONAL STANDARD BOOK NUMBER
International Standard Book Number 0-14-303120-1
041 ## - LANGUAGE CODE
Language code of text/sound track or separate title eng
082 ## - DEWEY DECIMAL CLASSIFICATION NUMBER
Classification number 158.1
Item number VAL
100 ## - MAIN ENTRY--PERSONAL NAME
Author Valentine N
245 ## - TITLE STATEMENT
Title Chairing and running meetings
260 ## - PUBLICATION, DISTRIBUTION, ETC.
Date of publication, distribution, etc. 2004
Name of publisher, distributor, etc. Penguin books
Place of publication, distribution, etc. New Delhi
300 ## - PHYSICAL DESCRIPTION
Extent 116p
500 ## - GENERAL NOTE
Keywords Personality Development,
650 ## - SUBJECT ADDED ENTRY--TOPICAL TERM
Topical term or geographic name entry element Management
700 ## - ADDED ENTRY--PERSONAL NAME
Personal name Valentine N
942 ## - ADDED ENTRY ELEMENTS (KOHA)
Koha item type Books
906 ## - LOCAL DATA ELEMENT F, LDF (RLIN)
b 9
Holdings
Withdrawn status Lost status Damaged status Not for loan Home library Current library Date acquired Vendor Net Price Bill number Total Checkouts Full call number Barcode Date last seen Actual Price Bill Date Koha item type Original Barcode
        Smt. Hiraben Nanavati Institute of Management & Research for Women Smt. Hiraben Nanavati Institute of Management & Research for Women 06/09/2004 Crossword 95.00 04I004   158.1 VAL B04052 HIMR-BK-4052 25/01/2023 86.00 01/09/2004 Books B04052